MARC

LEADER 00000nas1a2200000 4500
001 379881
005 20231101062632.0
011 |a 2411-3336 
035 |a (RuTPU)RU\TPU\prd\357 
035 |a PERI00000357 
090 |a 379881 
100 |a 20011210a19261977km y0rusy50 ca 
101 0 |a rus  |a fre 
102 |a RU 
110 |a ahaz|||0uu0 
200 1 |a Записки Ленинградского горного института  |d Annales de L'Institut des Mines  |e научный журнал  |f Ленинградский горный институт им. Г. В. Плеханова (ЛГИ) 
210 |a Ленинград  |c Ленинградский горный институт им. Г. В. Плеханова  |d 1926-1977 
305 |a Издается с 1907 года 
326 |a 4 выпуска в год 
430 1 |0 (RuTPU)RU\TPU\prd\331  |t Записки Горного института императрицы Екатерины II  |l Annales de L'Institut des Mines de L'Imperatrice Catherine II  |o журнал  |c С.-Петербург  |d 1910-1916  |n Санкт-Петербургская экономическая типо-литография 
510 1 |a Annales de L'Institut des Mines  |z fre 
610 1 |a геология 
610 1 |a горное дело 
610 1 |a минералогия 
610 1 |a кристаллография 
610 1 |a стратиграфия 
610 1 |a геологоразведочные работы 
610 1 |a бурение 
610 1 |a горные машины 
712 0 2 |a Ленинградский горный институт им. Г. В. Плеханова (ЛГИ)  |c (1924-1991)  |2 stltpush  |3 (RuTPU)RU\TPU\col\1021 
801 0 |a RU  |b 63413507  |c 20011210  |g PSBO 
801 2 |a RU  |b 63413507  |c 20190122  |g PSBO 
856 4 0 |u http://pmi.spmi.ru/index.php/pmi/index 
942 |c CR